Engineering mechanics

Statics,contains 75 sample problems and 960 unsolved problems from which a wide choice of assignments can be made. Of these problems, more than 50 percent are new to the fourth Edition. SI units are used throughout the book.

Shranjeno v:
Bibliografske podrobnosti
Glavni avtor: Meriam, J. L.
Format: Knjiga
Jezik:Undetermined
Izdano: New York John Wiley 1998
Teme:
Oznake: Označite
Brez oznak, prvi označite!
Thư viện lưu trữ: Trung tâm Học liệu Trường Đại học Cần Thơ
LEADER 00736nam a2200193Ia 4500
001 CTU_27825
008 210402s9999 xx 000 0 und d
082 |a 620.1 
082 |b M561/Vol.1 
100 |a Meriam, J. L. 
245 0 |a Engineering mechanics 
245 0 |c J L Meriam, L. G. Kraige 
260 |a New York 
260 |b John Wiley 
260 |c 1998 
520 |a Statics,contains 75 sample problems and 960 unsolved problems from which a wide choice of assignments can be made. Of these problems, more than 50 percent are new to the fourth Edition. SI units are used throughout the book. 
650 |a Mechanical engineering,Mechanics, applied 
904 |i QHieu 
980 |a Trung tâm Học liệu Trường Đại học Cần Thơ